| 000 | 00498cam a22002054a 4500 | ||
|---|---|---|---|
| 005 | 20250605164306.0 | ||
| 008 | 250528s ||||||||||||||||||||||||d | ||
| 035 | _a22252 | ||
| 020 | _a9780230272224 | ||
| 040 |
_aGR-AtMCL _bgre _dGR-AtMCL _eAACR2 |
||
| 245 | 1 | _aPSYCHOLOGY OF ADDICTIVE BEHAVIOUR | |
| 250 | _a1 | ||
| 260 |
_bPalgrave Macmillan, _c2010 |
||
| 300 | _a173 | ||
| 700 | 1 |
_aDyer Kyle _98125 |
|
| 700 | 1 |
_aMoss Antony _93740 |
|
| 942 | _cBK | ||
| 999 |
_c7308 _d7308 |
||